000
00252 a2200109 4500
020
_a
9798765608241
041
_a
spa
100
_a
Colella, Jill
245
_a
Sobre ponerse con Big Bird : un libro sobre la resiliencia
942
_c
BK
999
_c
29934
_d
29932
999
_d
29932